000 00764nam a22002177a 4500
003 UA-OsUOA
001 112171
007 ta
008 20150622b un ||||| |||| 00| 0 ukr d
100 _aБондар Т.А.
090 _a330(477)
_bБ81
942 _cSA
040 _aUA-OsUOA
_bukr
_cUA-OsUOA
_dUA-OsUOA
245 _aПланування контрольно-наглядової діяльності Міністерства фінансів України як суб'єкта державного фінансового моніторингу
300 _aС.106-121
955 _a0
041 _aukr
080 _a330(477)
773 0 _w112164
_tФінанси України
_dК.
_d2015
_g4
650 7 _a330 Економіка взагалі
_2UDC
999 _c398256
_d398256